[Event "Rapid 2018"]
[Site "Saint-Petersburg"]
[Date "2018.12.28"]
[Round "12"]
[Board "41"]
[White "Demchenko Anton (RUS)"]
[Black "Predke Alexandr (RUS)"]
[Result "1-0"]
[LiveChessVersion "1.4.8"]
[BlackElo "2566"]
[WhiteElo "2651"]

1. e4 {[%clk 0:15:19]} c5 {[%clk 0:15:19]} 2. Nf3 {[%clk 0:15:21]} Nf6
{[%clk 0:15:27]} 3. e5 {[%clk 0:15:27]} Nd5 {[%clk 0:15:34]} 4. Nc3
{[%clk 0:15:36]} Nxc3 {[%clk 0:15:42]} 5. dxc3 {[%clk 0:15:45]} Nc6
{[%clk 0:15:50]} 6. Bf4 {[%clk 0:15:48]} e6 {[%clk 0:15:56]} 7. Qd2
{[%clk 0:15:24]} h6 {[%clk 0:15:47]} 8. h4 {[%clk 0:15:32]} Qc7 {[%clk 0:15:46]}
9. Be2 {[%clk 0:14:57]} a6 {[%clk 0:15:37]} 10. c4 {[%clk 0:15:03]} Rb8
{[%clk 0:15:21]} 11. a4 {[%clk 0:14:43]} Qa5 {[%clk 0:15:24]} 12. c3
{[%clk 0:11:45]} b5 {[%clk 0:15:33]} 13. cxb5 {[%clk 0:11:43]} axb5
{[%clk 0:15:40]} 14. O-O {[%clk 0:11:28]} bxa4 {[%clk 0:15:37]} 15. Qc2
{[%clk 0:09:44]} Qb6 {[%clk 0:14:25]} 16. Nd2 {[%clk 0:09:12]} Qxb2 17. Qd3 Qb6
{[%clk 0:13:13]} 18. Rxa4 {[%clk 0:08:57]} Be7 {[%clk 0:12:25]} 19. h5
{[%clk 0:08:15]} Qc7 {[%clk 0:11:24]} 20. Nc4 {[%clk 0:06:57]} f5
{[%clk 0:06:44]} 21. g4 {[%clk 0:05:51]} O-O {[%clk 0:06:42]} 22. Qg3
{[%clk 0:05:05]} Rb3 {[%clk 0:04:51]} 23. Bd1 {[%clk 0:03:52]} Nd4
{[%clk 0:03:40]} 24. Nd2 {[%clk 0:03:47]} Bb7 {[%clk 0:01:03]} 25. Nxb3
{[%clk 0:03:46]} Qc6 {[%clk 0:01:12]} 26. f3 {[%clk 0:03:18]} Ne2+
{[%clk 0:01:19]} 27. Bxe2 {[%clk 0:03:26]} Qxa4 {[%clk 0:01:28]} 28. Nd2
{[%clk 0:02:33]} fxg4 {[%clk 0:00:19]} 29. fxg4 {[%clk 0:02:40]} Qc2
{[%clk 0:00:15]} 30. Qd3 {[%clk 0:02:08]} Qa4 {[%clk 0:00:23]} 31. Bg3
{[%clk 0:01:17]} Rxf1+ {[%clk 0:00:14]} 32. Nxf1 {[%clk 0:01:18]} Bg5
{[%clk 0:00:16]} 33. Qg6 {[%clk 0:00:37]} Kf8 {[%clk 0:00:18]} 34. Qd3
{[%clk 0:00:35]} Kg8 35. Bf3 Ba6 {[%clk 0:00:00]} 36. Qe4 {[%clk 0:00:35]} Qa1
{[%clk 0:00:00]} 1-0

[Event "Rapid 2018"]
[Site "Saint-Petersburg"]
[Date "2018.12.28"]
[Round "12"]
[Board "42"]
[White "Yudin Sergei (RUS)"]
[Black "Petrov Nikita (RUS)"]
[Result "0-1"]
[LiveChessVersion "1.4.8"]
[BlackElo "2502"]
[WhiteElo "2643"]

1. e4 {[%clk 0:15:17]} e5 {[%clk 0:15:19]} 2. Nf3 {[%clk 0:15:25]} Nc6
{[%clk 0:15:27]} 3. Bc4 {[%clk 0:15:32]} Bc5 {[%clk 0:15:35]} 4. d3
{[%clk 0:15:39]} Nf6 {[%clk 0:15:41]} 5. O-O {[%clk 0:15:45]} d6 {[%clk 0:15:47]}
6. c3 {[%clk 0:15:53]} a6 {[%clk 0:15:56]} 7. Bb3 {[%clk 0:16:00]} Ba7
{[%clk 0:16:03]} 8. h3 {[%clk 0:15:50]} h6 {[%clk 0:16:10]} 9. Re1
{[%clk 0:15:10]} g5 {[%clk 0:15:54]} 10. Nh2 {[%clk 0:10:45]} g4 {[%clk 0:14:01]}
11. hxg4 {[%clk 0:10:07]} Rg8 {[%clk 0:14:10]} 12. g5 {[%clk 0:08:23]} hxg5
{[%clk 0:14:13]} 13. Be3 {[%clk 0:08:31]} g4 {[%clk 0:13:41]} 14. Bxa7
{[%clk 0:08:36]} Nxa7 {[%clk 0:13:18]} 15. Nd2 {[%clk 0:08:17]} Nh7
{[%clk 0:12:42]} 16. Ndf1 {[%clk 0:08:03]} Qh4 {[%clk 0:11:31]} 17. Re3
{[%clk 0:06:42]} Bd7 {[%clk 0:10:08]} 18. d4 {[%clk 0:06:12]} O-O-O
{[%clk 0:08:05]} 19. dxe5 {[%clk 0:04:29]} dxe5 {[%clk 0:08:09]} 20. Qe1
{[%clk 0:04:27]} Ng5 {[%clk 0:05:44]} 21. Rd1 {[%clk 0:04:07]} Nb5
{[%clk 0:04:17]} 22. Rd5 {[%clk 0:02:55]} Rde8 {[%clk 0:03:02]} 23. Ba4
{[%clk 0:02:52]} Bc6 {[%clk 0:02:24]} 24. Rc5 {[%clk 0:02:53]} Qh8
{[%clk 0:00:24]} 25. Ng3 {[%clk 0:02:21]} Ne6 {[%clk 0:00:30]} 26. Bd1
{[%clk 0:01:33]} Nxc5 {[%clk 0:00:33]} 27. b4 {[%clk 0:01:31]} Ne6
{[%clk 0:00:39]} 28. a4 {[%clk 0:01:40]} Nd6 {[%clk 0:00:47]} 29. b5
{[%clk 0:01:48]} axb5 {[%clk 0:00:56]} 30. axb5 {[%clk 0:01:57]} Bxb5
{[%clk 0:01:04]} 31. c4 {[%clk 0:02:05]} Nxc4 {[%clk 0:01:09]} 32. Rc3
{[%clk 0:01:40]} Nd4 {[%clk 0:00:40]} 33. Nhf1 {[%clk 0:01:31]} Qh4
{[%clk 0:00:36]} 34. Ne3 {[%clk 0:01:40]} Nxe3 {[%clk 0:00:36]} 35. fxe3
{[%clk 0:01:48]} Nc6 {[%clk 0:00:43]} 36. Rc5 {[%clk 0:01:52]} Ba6
{[%clk 0:00:40]} 37. Ba4 {[%clk 0:02:01]} Rg6 {[%clk 0:00:42]} 0-1

[Event "Rapid 2018"]
[Site "Saint-Petersburg"]
[Date "2018.12.28"]
[Round "12"]
[Board "43"]
[White "Sarana Alexey (RUS)"]
[Black "Belyakov Bogdan (RUS)"]
[Result "1-0"]
[LiveChessVersion "1.4.8"]
[BlackElo "2482"]
[WhiteElo "2617"]

1. d4 {[%clk 0:15:18]} Nf6 {[%clk 0:15:18]} 2. Bg5 {[%clk 0:15:25]} c5
{[%clk 0:15:23]} 3. d5 {[%clk 0:15:24]} Qb6 {[%clk 0:14:20]} 4. Bc1
{[%clk 0:12:31]} g6 {[%clk 0:14:14]} 5. c4 {[%clk 0:12:37]} Bg7 {[%clk 0:13:41]}
6. Nc3 {[%clk 0:12:45]} d6 {[%clk 0:13:36]} 7. e4 {[%clk 0:12:51]} e6
{[%clk 0:13:23]} 8. Bd3 {[%clk 0:12:46]} exd5 {[%clk 0:13:19]} 9. exd5
{[%clk 0:12:38]} O-O {[%clk 0:13:21]} 10. h3 {[%clk 0:12:15]} Nbd7
{[%clk 0:13:24]} 11. Nf3 {[%clk 0:12:22]} Re8+ {[%clk 0:13:32]} 12. Kf1
{[%clk 0:12:28]} h5 {[%clk 0:12:53]} 13. Qc2 {[%clk 0:12:25]} Ne5
{[%clk 0:12:56]} 14. Nxe5 {[%clk 0:12:32]} Rxe5 {[%clk 0:12:59]} 15. Bf4
{[%clk 0:12:32]} Re7 {[%clk 0:12:26]} 16. Nb5 {[%clk 0:09:59]} Ne8
{[%clk 0:10:33]} 17. Bg5 {[%clk 0:10:07]} Re5 {[%clk 0:10:43]} 18. Bf4
{[%clk 0:09:07]} Re7 {[%clk 0:10:51]} 19. f3 {[%clk 0:09:14]} a6 {[%clk 0:10:45]}
20. Nc3 {[%clk 0:09:22]} Bd7 {[%clk 0:10:22]} 21. g4 {[%clk 0:09:30]} Nf6
{[%clk 0:10:23]} 22. Bg5 {[%clk 0:08:55]} Re5 {[%clk 0:10:29]} 23. Bf4
{[%clk 0:08:46]} Re7 {[%clk 0:10:37]} 24. Kf2 {[%clk 0:08:17]} Rae8
{[%clk 0:09:55]} 25. g5 {[%clk 0:07:06]} Nh7 {[%clk 0:09:58]} 26. h4
{[%clk 0:07:13]} Bd4+ {[%clk 0:09:50]} 27. Kg2 {[%clk 0:07:19]} Nf8
{[%clk 0:09:49]} 28. Qb3 {[%clk 0:05:59]} Qc7 {[%clk 0:04:40]} 29. Ne4
{[%clk 0:05:42]} Rxe4 {[%clk 0:04:45]} 30. Bxe4 {[%clk 0:05:50]} b5
{[%clk 0:04:47]} 31. Rhe1 {[%clk 0:05:17]} Rb8 {[%clk 0:04:54]} 32. Rab1
{[%clk 0:05:25]} Bc8 {[%clk 0:04:28]} 33. Qc2 {[%clk 0:04:54]} bxc4
{[%clk 0:04:19]} 34. Qxc4 {[%clk 0:05:02]} Nd7 {[%clk 0:04:26]} 35. b4
{[%clk 0:05:02]} Ne5 {[%clk 0:04:31]} 36. Bxe5 {[%clk 0:04:30]} Bxe5
{[%clk 0:04:22]} 37. f4 {[%clk 0:03:05]} Bd4 {[%clk 0:04:21]} 38. bxc5
{[%clk 0:02:47]} Rxb1 {[%clk 0:04:29]} 39. Bxb1 {[%clk 0:02:08]} dxc5
{[%clk 0:04:37]} 40. Qf1 {[%clk 0:01:57]} Bg4 {[%clk 0:04:04]} 41. Be4
{[%clk 0:01:28]} Qd7 {[%clk 0:04:09]} 42. Kh2 {[%clk 0:01:29]} Qd6
{[%clk 0:04:07]} 43. Kg3 {[%clk 0:01:26]} Kg7 {[%clk 0:03:38]} 44. Bf3
{[%clk 0:01:30]} Bf5 {[%clk 0:03:42]} 45. Qe2 {[%clk 0:01:36]} Qb6
{[%clk 0:03:49]} 46. Rd1 {[%clk 0:01:38]} a5 {[%clk 0:03:36]} 47. a4
{[%clk 0:01:47]} Bd7 {[%clk 0:03:37]} 48. Qc2 {[%clk 0:01:19]} Bf5
{[%clk 0:02:37]} 49. Qa2 {[%clk 0:01:28]} Qc7 {[%clk 0:02:31]} 50. Qe2
{[%clk 0:01:34]} Qb6 {[%clk 0:02:14]} 51. Qb5 {[%clk 0:01:37]} Qd6
{[%clk 0:02:23]} 52. Qxa5 {[%clk 0:01:20]} Bd7 {[%clk 0:02:15]} 53. Re1
{[%clk 0:00:52]} c4 {[%clk 0:02:17]} 54. Qd2 {[%clk 0:00:59]} Qb6
{[%clk 0:02:08]} 55. Re4 {[%clk 0:01:01]} Bb2 {[%clk 0:01:28]} 56. Rxc4
{[%clk 0:00:58]} Qg1+ {[%clk 0:01:35]} 57. Bg2 {[%clk 0:01:07]} Qa1
{[%clk 0:01:22]} 58. Rc2 {[%clk 0:00:54]} Bd4 {[%clk 0:01:22]} 59. Rc4
{[%clk 0:00:47]} Bb2 {[%clk 0:01:10]} 60. d6 {[%clk 0:00:46]} Be6
{[%clk 0:01:09]} 61. d7 {[%clk 0:00:26]} Bxd7 {[%clk 0:01:16]} 62. Qxd7
{[%clk 0:00:27]} Qe1+ {[%clk 0:01:20]} 63. Kf3 {[%clk 0:00:23]} Kh7
{[%clk 0:01:04]} 64. Qxf7+ {[%clk 0:00:29]} Bg7 {[%clk 0:01:13]} 65. Qd7
{[%clk 0:00:33]} 1-0

[Event "Rapid 2018"]
[Site "Saint-Petersburg"]
[Date "2018.12.28"]
[Round "12"]
[Board "44"]
[White "Steinberg Nitzan (ISR)"]
[Black "Indjic Aleksandar (SRB)"]
[Result "1-0"]
[LiveChessVersion "1.4.8"]
[BlackElo "2575"]
[WhiteElo "2400"]

1. e4 {[%clk 0:15:17]} c5 {[%clk 0:15:19]} 2. Nf3 {[%clk 0:15:25]} d6
{[%clk 0:15:27]} 3. d4 {[%clk 0:15:32]} cxd4 {[%clk 0:15:35]} 4. Nxd4
{[%clk 0:15:40]} Nf6 {[%clk 0:15:43]} 5. Nc3 {[%clk 0:15:48]} a6 {[%clk 0:15:51]}
6. h4 {[%clk 0:15:57]} e5 {[%clk 0:15:55]} 7. Nb3 {[%clk 0:16:05]} Be7
{[%clk 0:15:53]} 8. Be2 {[%clk 0:16:13]} h5 {[%clk 0:15:50]} 9. Bg5
{[%clk 0:16:16]} Be6 {[%clk 0:15:53]} 10. g3 {[%clk 0:13:52]} Nbd7
{[%clk 0:15:58]} 11. a4 {[%clk 0:13:15]} Rc8 {[%clk 0:16:04]} 12. Bf3
{[%clk 0:13:15]} g6 {[%clk 0:15:26]} 13. a5 {[%clk 0:12:57]} O-O {[%clk 0:13:11]}
14. Qd2 {[%clk 0:12:25]} Rc4 {[%clk 0:10:33]} 15. O-O {[%clk 0:11:46]} Qc7
{[%clk 0:10:40]} 16. Ra4 {[%clk 0:10:31]} Rxa4 {[%clk 0:10:29]} 17. Nxa4
{[%clk 0:10:39]} Rc8 {[%clk 0:10:38]} 18. Ra1 {[%clk 0:09:28]} Bf8
{[%clk 0:08:03]} 19. Nc3 {[%clk 0:08:54]} Ng4 {[%clk 0:07:29]} 20. Nc1
{[%clk 0:07:49]} b5 {[%clk 0:05:21]} 21. axb6 {[%clk 0:06:47]} Qxb6
{[%clk 0:05:09]} 22. Nd3 {[%clk 0:06:43]} f6 {[%clk 0:03:55]} 23. Bxg4
{[%clk 0:06:41]} hxg4 {[%clk 0:04:03]} 24. Be3 {[%clk 0:06:05]} Qb7
{[%clk 0:04:12]} 25. Ra4 {[%clk 0:05:12]} f5 {[%clk 0:03:04]} 26. Bh6
{[%clk 0:03:48]} Be7 {[%clk 0:02:13]} 27. Bg5 {[%clk 0:03:40]} Bf8
{[%clk 0:02:19]} 28. Bh6 {[%clk 0:03:24]} Be7 {[%clk 0:01:15]} 29. Bg5
{[%clk 0:03:32]} Nf6 {[%clk 0:01:24]} 30. Bxf6 {[%clk 0:03:09]} Bxf6
{[%clk 0:01:33]} 31. Nb4 {[%clk 0:03:04]} Bd7 {[%clk 0:00:25]} 32. Rxa6
{[%clk 0:02:04]} Qxb4 {[%clk 0:00:22]} 33. Rxd6 {[%clk 0:02:12]} Qc4
{[%clk 0:00:11]} 34. Rxf6 {[%clk 0:02:06]} Be8 {[%clk 0:00:19]} 35. exf5
{[%clk 0:01:47]} Ra8 {[%clk 0:00:23]} 36. Qd5+ {[%clk 0:00:44]} Qxd5
{[%clk 0:00:31]} 37. Nxd5 {[%clk 0:00:53]} Kg7 {[%clk 0:00:36]} 38. Re6
{[%clk 0:00:36]} Ra1+ {[%clk 0:00:16]} 39. Kg2 {[%clk 0:00:28]} Bf7
{[%clk 0:00:22]} 40. f6+ {[%clk 0:00:28]} Kh6 {[%clk 0:00:31]} 41. Rxe5
{[%clk 0:00:36]} Ra6 {[%clk 0:00:29]} 42. Ne3 {[%clk 0:00:34]} Be6
{[%clk 0:00:38]} 43. Rg5 {[%clk 0:00:29]} Kh7 {[%clk 0:00:36]} 44. Nxg4
{[%clk 0:00:25]} Ra2 {[%clk 0:00:44]} 45. Ne5 {[%clk 0:00:23]} Rxb2
{[%clk 0:00:50]} 46. Nxg6 {[%clk 0:00:18]} Kh6 {[%clk 0:00:56]} 47. Nf4
{[%clk 0:00:18]} Bf7 {[%clk 0:01:06]} 48. Rg7 {[%clk 0:00:12]} Rxc2
{[%clk 0:01:15]} 49. Kg1 {[%clk 0:00:11]} Rc1+ {[%clk 0:01:15]} 50. Kh2
{[%clk 0:00:18]} Rc2 {[%clk 0:01:24]} 51. g4 {[%clk 0:00:20]} Rxf2+
{[%clk 0:01:29]} 52. Kg3 {[%clk 0:00:28]} 1-0

[Event "Rapid 2018"]
[Site "Saint-Petersburg"]
[Date "2018.12.28"]
[Round "12"]
[Board "47"]
[White "Bosiocic Marin (CRO)"]
[Black "Le Quang Liem (VIE)"]
[Result "0-1"]
[LiveChessVersion "1.4.8"]
[BlackElo "2752"]
[WhiteElo "2584"]

1. e4 {[%clk 0:15:19]} c5 {[%clk 0:15:18]} 2. Nf3 {[%clk 0:15:27]} Nc6
{[%clk 0:15:27]} 3. Bb5 {[%clk 0:15:36]} g6 {[%clk 0:15:34]} 4. Bxc6
{[%clk 0:15:44]} dxc6 {[%clk 0:15:36]} 5. d3 {[%clk 0:15:50]} Bg7
{[%clk 0:15:44]} 6. h3 {[%clk 0:15:59]} Nf6 {[%clk 0:15:40]} 7. Bd2
{[%clk 0:15:14]} e5 {[%clk 0:15:20]} 8. Bc3 {[%clk 0:15:22]} Nd7 {[%clk 0:15:26]}
9. O-O {[%clk 0:15:02]} O-O {[%clk 0:15:20]} 10. Nbd2 {[%clk 0:14:58]} Qe7
{[%clk 0:15:29]} 11. Nh2 {[%clk 0:14:56]} Nb6 {[%clk 0:13:38]} 12. b3
{[%clk 0:14:23]} Be6 {[%clk 0:13:26]} 13. Ng4 {[%clk 0:12:36]} Nd7
{[%clk 0:12:43]} 14. Nc4 {[%clk 0:11:46]} b5 {[%clk 0:12:16]} 15. Nd2
{[%clk 0:11:46]} Qd6 {[%clk 0:11:26]} 16. a4 {[%clk 0:11:10]} a6 {[%clk 0:10:45]}
17. Ra2 {[%clk 0:10:16]} f5 {[%clk 0:10:39]} 18. exf5 {[%clk 0:09:36]} gxf5
{[%clk 0:10:47]} 19. Nh2 {[%clk 0:09:44]} Nb6 {[%clk 0:10:08]} 20. f4
{[%clk 0:08:05]} exf4 {[%clk 0:10:13]} 21. Bxg7 {[%clk 0:08:13]} Kxg7
{[%clk 0:10:21]} 22. Qa1+ {[%clk 0:06:20]} Qd4+ {[%clk 0:09:43]} 23. Kh1
{[%clk 0:06:30]} bxa4 {[%clk 0:08:45]} 24. Nhf3 {[%clk 0:06:25]} Qxa1
{[%clk 0:08:48]} 25. Rfxa1 {[%clk 0:06:34]} Rfd8 {[%clk 0:06:54]} 26. Ne5
{[%clk 0:06:27]} axb3 {[%clk 0:06:07]} 27. cxb3 {[%clk 0:06:32]} Kf6
{[%clk 0:05:52]} 28. Ndf3 {[%clk 0:06:37]} Nd5 {[%clk 0:03:50]} 29. Rc2
{[%clk 0:05:03]} Nb4 {[%clk 0:03:35]} 30. Rxc5 {[%clk 0:05:07]} Rd5
{[%clk 0:03:34]} 31. Rc4 {[%clk 0:04:17]} Rxe5 {[%clk 0:02:30]} 32. Rxb4
{[%clk 0:03:26]} Re3 {[%clk 0:02:39]} 33. Rxf4 {[%clk 0:03:11]} Rxd3
{[%clk 0:02:45]} 34. Nd4 {[%clk 0:02:55]} Bd5 {[%clk 0:02:49]} 35. Rxf5+
{[%clk 0:02:54]} Kg6 {[%clk 0:02:52]} 36. Rf4 {[%clk 0:03:02]} Rxh3+
{[%clk 0:02:58]} 37. Kg1 {[%clk 0:03:10]} Rg3 {[%clk 0:03:02]} 38. Nf3
{[%clk 0:02:44]} Kg7 {[%clk 0:02:17]} 39. b4 {[%clk 0:02:25]} Rf8
{[%clk 0:01:48]} 40. Rxf8 {[%clk 0:01:42]} Kxf8 {[%clk 0:01:56]} 41. Rxa6
{[%clk 0:01:45]} Rg4 {[%clk 0:02:01]} 42. Ra8+ {[%clk 0:00:44]} Kg7
{[%clk 0:02:02]} 43. Ra7+ {[%clk 0:00:53]} Kh6 {[%clk 0:02:07]} 44. Kf2
{[%clk 0:00:23]} Rxb4 {[%clk 0:02:16]} 45. Rc7 {[%clk 0:00:27]} Rg4
{[%clk 0:01:51]} 46. Kf1 {[%clk 0:00:28]} Rg7 {[%clk 0:01:10]} 47. Rc8
{[%clk 0:00:37]} Re7 {[%clk 0:00:57]} 48. Nd4 {[%clk 0:00:16]} Rf7+
{[%clk 0:01:05]} 49. Kg1 {[%clk 0:00:23]} Rf6 {[%clk 0:01:09]} 50. Rc7
{[%clk 0:00:28]} Kg6 {[%clk 0:01:01]} 51. Nf3 {[%clk 0:00:36]} h6
{[%clk 0:00:45]} 52. Kf2 {[%clk 0:00:42]} Kf5 {[%clk 0:00:50]} 53. Ke3
{[%clk 0:00:47]} Re6+ {[%clk 0:00:44]} 54. Kf2 {[%clk 0:00:54]} Ke4
{[%clk 0:00:46]} 55. Ra7 {[%clk 0:00:59]} c5 {[%clk 0:00:47]} 56. Ra3
{[%clk 0:01:08]} Rb6 {[%clk 0:00:39]} 57. Re3+ {[%clk 0:01:15]} Kf4
{[%clk 0:00:48]} 58. Ng1 {[%clk 0:00:42]} Rb2+ {[%clk 0:00:41]} 59. Ne2+
{[%clk 0:00:51]} Kf5 {[%clk 0:00:43]} 60. g3 {[%clk 0:00:51]} Bc4
{[%clk 0:00:50]} 61. Rf3+ {[%clk 0:00:38]} 0-1

[Event "Rapid 2018"]
[Site "Saint-Petersburg"]
[Date "2018.12.28"]
[Round "12"]
[Board "48"]
[White "Jobava Baadur (GEO)"]
[Black "Potapov Pavel (RUS)"]
[Result "1-0"]
[LiveChessVersion "1.4.8"]
[BlackElo "2541"]
[WhiteElo "2718"]

1. d4 {[%clk 0:15:13]} f5 {[%clk 0:15:16]} 2. b3 {[%clk 0:15:06]} Nf6
{[%clk 0:15:21]} 3. Bb2 {[%clk 0:15:13]} g6 {[%clk 0:15:19]} 4. e3
{[%clk 0:14:41]} Bg7 {[%clk 0:15:24]} 5. Nc3 {[%clk 0:14:38]} O-O
{[%clk 0:15:20]} 6. Qd2 {[%clk 0:14:31]} c6 {[%clk 0:15:00]} 7. f3
{[%clk 0:13:54]} d5 {[%clk 0:14:59]} 8. h3 {[%clk 0:13:16]} Qc7 {[%clk 0:14:34]}
9. O-O-O {[%clk 0:13:04]} Nh5 {[%clk 0:13:31]} 10. Nge2 {[%clk 0:12:39]} f4
{[%clk 0:13:09]} 11. e4 {[%clk 0:12:21]} Be6 {[%clk 0:11:58]} 12. Kb1
{[%clk 0:12:03]} a5 {[%clk 0:11:48]} 13. Rg1 {[%clk 0:11:19]} Nd7
{[%clk 0:11:33]} 14. Qe1 {[%clk 0:11:10]} Bf7 {[%clk 0:10:48]} 15. e5
{[%clk 0:10:08]} c5 {[%clk 0:07:26]} 16. Nb5 {[%clk 0:06:28]} Qc6
{[%clk 0:06:52]} 17. g4 {[%clk 0:05:38]} fxg3 {[%clk 0:06:13]} 18. Nxg3
{[%clk 0:05:32]} Nxg3 {[%clk 0:05:31]} 19. Rxg3 {[%clk 0:05:31]} c4
{[%clk 0:05:17]} 20. a4 {[%clk 0:05:29]} Be6 {[%clk 0:05:04]} 21. h4
{[%clk 0:04:41]} Nb6 {[%clk 0:04:35]} 22. Bh3 {[%clk 0:04:17]} Bxh3
{[%clk 0:04:02]} 23. Rxh3 {[%clk 0:04:22]} Qe6 {[%clk 0:04:05]} 24. Rg3
{[%clk 0:04:21]} Qf5 {[%clk 0:04:09]} 25. Qe3 {[%clk 0:02:41]} Rac8
{[%clk 0:03:40]} 26. Ba3 {[%clk 0:02:33]} Bh6 {[%clk 0:01:27]} 27. Qc3
{[%clk 0:02:38]} Rfe8 {[%clk 0:01:24]} 28. h5 {[%clk 0:02:25]} cxb3
{[%clk 0:01:04]} 29. Qxb3 {[%clk 0:02:32]} Nc4 {[%clk 0:01:12]} 30. hxg6
{[%clk 0:02:35]} hxg6 {[%clk 0:01:20]} 31. Qd3 {[%clk 0:02:26]} Qxd3
{[%clk 0:00:59]} 32. cxd3 {[%clk 0:02:34]} Nxa3+ {[%clk 0:01:00]} 33. Nxa3
{[%clk 0:02:42]} Kf7 {[%clk 0:01:03]} 34. Rh1 {[%clk 0:02:14]} Rh8
{[%clk 0:00:49]} 35. Rgh3 {[%clk 0:02:22]} Kg7 {[%clk 0:00:52]} 36. Nb5
{[%clk 0:02:28]} Be3 {[%clk 0:00:47]} 37. Rxh8 {[%clk 0:02:25]} Rxh8
{[%clk 0:00:56]} 38. Rxh8 {[%clk 0:02:33]} Kxh8 {[%clk 0:01:04]} 39. Kc2
{[%clk 0:02:41]} Kg7 {[%clk 0:00:53]} 40. Nc7 {[%clk 0:02:48]} Kf7
{[%clk 0:00:48]} 41. e6+ {[%clk 0:02:55]} Kg7 {[%clk 0:00:32]} 42. Kc3
{[%clk 0:02:40]} Bf4 {[%clk 0:00:25]} 43. Nxd5 {[%clk 0:02:46]} Bd6
{[%clk 0:00:34]} 44. Kc4 {[%clk 0:02:35]} g5 {[%clk 0:00:42]} 45. Nc3
{[%clk 0:02:26]} Kg6 {[%clk 0:00:45]} 46. Ne4 {[%clk 0:02:29]} Bb4
{[%clk 0:00:49]} 47. d5 {[%clk 0:02:30]} Kf5 {[%clk 0:00:54]} 48. Nc5
{[%clk 0:02:23]} b6 {[%clk 0:00:41]} 49. d6 {[%clk 0:02:24]} b5+ {[%clk 0:00:21]}
50. Kxb5 {[%clk 0:02:26]} 1-0

[Event "Rapid 2018"]
[Site "Saint-Petersburg"]
[Date "2018.12.28"]
[Round "12"]
[Board "49"]
[White "Dreev Aleksey (RUS)"]
[Black "Gabrielian Artur (RUS)"]
[Result "1-0"]
[LiveChessVersion "1.4.8"]
[BlackElo "2546"]
[WhiteElo "2671"]

1. d4 {[%clk 0:15:19]} Nf6 {[%clk 0:15:19]} 2. Nf3 {[%clk 0:15:27]} e6
{[%clk 0:15:28]} 3. c4 {[%clk 0:15:35]} c5 {[%clk 0:15:36]} 4. d5
{[%clk 0:15:43]} exd5 {[%clk 0:15:45]} 5. cxd5 {[%clk 0:15:52]} d6
{[%clk 0:15:54]} 6. Nc3 {[%clk 0:15:58]} g6 {[%clk 0:16:03]} 7. Nd2
{[%clk 0:16:01]} Nbd7 {[%clk 0:16:11]} 8. e4 {[%clk 0:16:08]} Bg7
{[%clk 0:16:20]} 9. Be2 {[%clk 0:16:11]} O-O {[%clk 0:16:28]} 10. O-O
{[%clk 0:16:18]} Re8 {[%clk 0:16:37]} 11. a4 {[%clk 0:16:20]} Ne5
{[%clk 0:16:45]} 12. Ndb1 {[%clk 0:15:31]} Bg4 {[%clk 0:16:06]} 13. f3
{[%clk 0:15:23]} Bc8 {[%clk 0:15:53]} 14. f4 {[%clk 0:13:40]} Ned7
{[%clk 0:15:05]} 15. Bf3 {[%clk 0:13:11]} c4 {[%clk 0:15:01]} 16. Na3
{[%clk 0:13:02]} Nc5 {[%clk 0:14:52]} 17. e5 {[%clk 0:12:56]} dxe5
{[%clk 0:14:02]} 18. fxe5 {[%clk 0:13:04]} Rxe5 {[%clk 0:12:24]} 19. Nxc4
{[%clk 0:13:11]} Re8 {[%clk 0:12:24]} 20. Bf4 {[%clk 0:12:03]} Nfe4
{[%clk 0:09:15]} 21. Nb5 {[%clk 0:10:27]} g5 {[%clk 0:05:15]} 22. Bc7
{[%clk 0:09:53]} Qd7 {[%clk 0:05:21]} 23. Bh5 {[%clk 0:09:17]} Nf6
{[%clk 0:04:23]} 24. Ncd6 {[%clk 0:07:23]} a6 {[%clk 0:02:33]} 25. Bxf7+
{[%clk 0:06:32]} Kh8 {[%clk 0:01:57]} 26. Nxe8 {[%clk 0:06:20]} Nxe8
{[%clk 0:02:05]} 27. Bxe8 {[%clk 0:04:57]} Qxe8 {[%clk 0:02:14]} 28. Nd6
{[%clk 0:05:03]} Qe3+ {[%clk 0:01:46]} 29. Kh1 {[%clk 0:05:12]} Bd7
{[%clk 0:01:46]} 30. Ra3 {[%clk 0:04:36]} Qe7 {[%clk 0:01:32]} 31. Nf7+
{[%clk 0:04:25]} Kg8 {[%clk 0:01:32]} 32. Bd6 {[%clk 0:04:31]} 1-0